Tratado práctico de legislación municipal

Gorde:
Xehetasun bibliografikoak
Egile nagusia: Otárola Sotomayor, Eladio (autor)
Formatua: Liburua
Hizkuntza:gaztelania
Argitaratua: Santiago s.n 1972
Gaiak:
Etiketak: Etiketa erantsi
Etiketarik gabe, Izan zaitez lehena erregistro honi etiketa jartzen!

MARC

LEADER 00000nam a2200000 a 4500
001 UCS0524
003 CL-VaPUC
008 970426e19720000cl |||||||||||||||||spa|d
082 0 4 |a 342.02  |b OTA  |2 21 
100 |a Otárola Sotomayor, Eladio  |e autor  |9 439736 
245 1 0 |a Tratado práctico de legislación municipal 
300 |a 799 p 
942 |c BK 
945 |d 19970426 00:00:00  |a paguirre 
260 |a Santiago  |b s.n  |c 1972 
650 7 |a DERECHO MUNICIPAL  |2 CL-VaPUC  |9 257568 
650 0 |a Municipalidades   |9 255557 
650 0 |a Administración pública   |9 255343 
650 0 |a Constituciones  |9 255417 
650 7 |a LEY ORGANICA DE MUNICIPALIDADES  |2 CL-VaPUC  |9 384147 
650 7 |a ORDENANZAS MUNICIPALES  |2 CL-VaPUC  |9 257662 
651 7 |a CHILE  |2 CL-VaPUC  |9 384148 
583 |a last modification  |c 20171228 04:54:06  |k Rodrigo Vera 
999 |c 258749  |d 258747 
952 |0 0  |1 0  |4 0  |6 342_020000000000000_OTA_1972  |7 0  |8 A  |9 283039  |a BIBDER  |b BIBDER  |d 2019-11-19  |i 1836463  |o 342.02 OTA 1972  |p 1836463  |r 2023-01-25  |w 2019-11-19  |y BK  |k DER